[Event "Barcelona Paredes Memorial 19th"]
[Site "Barcelona"]
[Date "2017.06.03"]
[Round "7"]
[White "Martos Martin, Josep Angel"]
[Black "Catala Ulied, Guillem"]
[Result "0-1"]
[WhiteElo "1861"]
[BlackElo "1880"]
[PlyCount "116"]
[EventDate "2017.04.22"]
[EventType "swiss"]
[EventRounds "9"]
[EventCountry "ESP"]
[SourceTitle "EXT 2018"]
[Source "ChessBase"]
[SourceDate "2017.10.13"]
[SourceVersion "1"]
[SourceVersionDate "2017.10.13"]
[SourceQuality "1"]

1. e4 c5 2. Nf3 d6 3. d4 cxd4 4. Nxd4 Nf6 5. Nc3 Nc6 6. Be2 g6 7. Be3 Bg7 8. 0-0 0-0 9. Nb3 Be6 10. f4 Rc8 11. f5 Bd7 12. Kh1 Qc7 13. Bg5 Qd8 14. Qe1 Ne5 15. Rd1 Bc6 16. Qh4 Re8 17. Nd4 Qb6 18. Nxc6 bxc6 19. Bc1 Rb8 20. Qg3 Qb4 21. a3 Qb6 22. h4 Kh8 23. fxg6 fxg6 24. b4 Rg8 25. Be3 Qc7 26. Bd3 Nh5 27. Qe1 Rbf8 28. Rxf8 Rxf8 29. Be2 Nf6 30. Bd4 Nfd7 31. a4 Qb7 32. b5 c5 33. Be3 Nf6 34. Bf3 Qd7 35. Bxc5 Nxf3 36. gxf3 Qh3+ 37. Kg1 dxc5 38. Rd3 Nh5 39. Ne2 Nf4 40. Nxf4 Rxf4 41. Rd8+ Rf8 42. Rxf8+ Bxf8 43. Qc3+ Bg7 44. Qxc5 Qg3+ 45. Kf1 Qxf3+ 46. Kg1 Qf6 47. Qc8+ Qf8 48. Qc4 Bf6 49. h5 gxh5 50. Kf1 h4 51. Qe6 Bd4+ 52. Ke2 Qf2+ 53. Kd1 Qf3+ 54. Kc1 Bf6 55. a5 h3 56. b6 h2 57. Qc8+ Kg7 58. Kd2 h1Q 0-1

[Event "Barcelona Paredes Memorial 19th"]
[Site "Barcelona"]
[Date "2017.05.06"]
[Round "3"]
[White "Aguadero Casado, Jorge Ignacio"]
[Black "Martos Martin, Josep Angel"]
[Result "0-1"]
[WhiteElo "1678"]
[BlackElo "1861"]
[PlyCount "182"]
[EventDate "2017.04.22"]
[EventType "swiss"]
[EventRounds "9"]
[EventCountry "ESP"]
[SourceTitle "EXT 2018"]
[Source "ChessBase"]
[SourceDate "2017.10.13"]
[SourceVersion "1"]
[SourceVersionDate "2017.10.13"]
[SourceQuality "1"]

1. c4 e5 2. g3 Nf6 3. Bg2 d5 4. Nf3 Nc6 5. 0-0 Be7 6. cxd5 Nxd5 7. Nc3 Nb6 8. a3 a5 9. d3 0-0 10. Bd2 Be6 11. Ne1 Qd7 12. Nc2 Bh3 13. Ne3 Bxg2 14. Kxg2 Nd4 15. Kg1 a4 16. Rb1 Rae8 17. f4 exf4 18. Rxf4 Bg5 19. Re4 f5 20. Rxe8 Rxe8 21. Ng2 Bxd2 22. Qxd2 Rxe2 23. Qf4 Rc2 24. Re1 Qc6 25. Nh4 Ne6 26. Qxf5 Qc5+ 27. Qxc5 Nxc5 28. Re7 Nxd3 29. Ne4 Nd5 30. Rd7 Rc1+ 31. Kg2 Ne3+ 32. Kh3 Ne5 33. Re7 N3g4 34. Nf5 Rh1 35. Rxg7+ Kf8 36. Rxg4 Nxg4 37. Kxg4 Rxh2 38. Nc3 Rxb2 39. Nxa4 Rb5 40. Nc3 Rb3 41. Na4 Rxa3 42. Nc5 b5 43. Ne6+ Kf7 44. Nxc7 b4 45. Nd5 b3 46. Nc3 b2 47. Nb1 Ra1 48. Nc3 b1Q 49. Nxb1 Rxb1 50. Kg5 Rb6 51. g4 Ra6 52. Nh6+ Kf8 53. Nf5 Rg6+ 54. Kh5 Kf7 55. Nh4 Ra6 56. Nf5 Rg6 57. Nh4 Rb6 58. Nf5 Rb1 59. Kg5 Rh1 60. Nh6+ Ke6 61. Nf5 Ke5 62. Nh6 Ke4 63. Nf5 Ra1 64. Kh6 Kf4 65. Kxh7 Kxg4 66. Nh6+ Kg5 67. Nf7+ Kf6 68. Nd6 Ra7+ 69. Kg8 Ra8+ 70. Kh7 Ra7+ 71. Kg8 Ke6 72. Ne4 Kf5 73. Nd6+ Kg6 74. Kf8 Kf6 75. Ne4+ Kf5 76. Nd6+ Ke6 77. Ne4 Ra5 78. Kg7 Re5 79. Nc3 Re3 80. Nb5 Rg3+ 81. Kf8 Rf3+ 82. Kg7 Ke7 83. Kg6 Rb3 84. Nd4 Rb6+ 85. Kg5 Rb1 86. Nc6+ Kd6 87. Nd4 Ke5 88. Nc6+ Kd5 89. Ne7+ Ke6 90. Nc6 Rb5+ 91. Kg6 Rb6 0-1

[Event "Roncana op-A 10th"]
[Site "Santa Eulalia de Roncana"]
[Date "2016.10.22"]
[Round "5"]
[White "Garcia Escoda, Marc"]
[Black "Martos Martin, Josep Angel"]
[Result "0-1"]
[WhiteElo "1752"]
[BlackElo "1877"]
[PlyCount "76"]
[EventDate "2016.09.24"]
[EventType "swiss"]
[EventRounds "8"]
[EventCountry "ESP"]
[SourceTitle "EXT 2018"]
[Source "ChessBase"]
[SourceDate "2017.10.13"]
[SourceVersion "1"]
[SourceVersionDate "2017.10.13"]
[SourceQuality "1"]

1. e4 c5 2. Nf3 d6 3. c4 Nc6 4. h3 g6 5. d4 cxd4 6. Nxd4 Bg7 7. Be3 Nf6 8. Nc3 0-0 9. Be2 Bd7 10. 0-0 Rc8 11. Rc1 Ne5 12. b3 Qa5 13. Qd2 Rfe8 14. Rfd1 Nc6 15. Qc2 a6 16. Qb1 h5 17. f3 Nxd4 18. Bxd4 Qg5 19. Kf1 h4 20. Qd3 Nh5 21. Qe3 Nf4 22. Qf2 Bxd4 23. Rxd4 Nxh3 24. Qe1 Qe3 25. Bd1 Qg1+ 26. Ke2 Nf4+ 27. Kd2 Qxd4+ 28. Kc2 Nxg2 29. Qh1 Ne3+ 30. Kb2 h3 31. Bc2 b5 32. a3 bxc4 33. Qe1 Nxc2 34. Rxc2 cxb3 35. Kxb3 Be6+ 36. Kb2 Rc4 37. f4 Rb8+ 38. Ka1 Rb3 0-1

[Event "Barcelona Sant Marti op-B 18th"]
[Site "Barcelona"]
[Date "2016.07.20"]
[Round "8.11"]
[White "Martos Martin, Josep Angel"]
[Black "Khachatryan, Tigran V"]
[Result "1/2-1/2"]
[WhiteElo "1981"]
[BlackElo "1936"]
[PlyCount "45"]
[EventDate "2016.07.13"]
[EventType "swiss"]
[EventRounds "9"]
[EventCountry "ESP"]
[SourceTitle "EXT 2024"]
[Source "ChessBase"]
[SourceDate "2023.10.10"]
[SourceVersion "1"]
[SourceVersionDate "2023.10.10"]
[SourceQuality "1"]

1. e4 c5 2. Ne2 e6 3. g3 Qc7 4. Bg2 Nf6 5. d3 Be7 6. Nbc3 a6 7. 0-0 Nc6 8. a4 0-0 9. Nf4 Rb8 10. Nh5 b5 11. axb5 axb5 12. Be3 Nb4 13. Nxf6+ Bxf6 14. Qd2 Rd8 15. Bg5 Bxg5 16. Qxg5 Nxc2 17. Ra7 Bb7 18. e5 Re8 19. Ne4 Nd4 20. Rxb7 Rxb7 21. Nf6+ Kf8 22. Nxh7+ Kg8 23. Nf6+ 1/2-1/2

[Event "Barcelona Sant Marti op-B 18th"]
[Site "Barcelona"]
[Date "2016.07.18"]
[Round "6.30"]
[White "Pujal Moncho, Joaquim"]
[Black "Martos Martin, Josep Angel"]
[Result "0-1"]
[WhiteElo "1805"]
[BlackElo "1981"]
[PlyCount "60"]
[EventDate "2016.07.13"]
[EventType "swiss"]
[EventRounds "9"]
[EventCountry "ESP"]
[SourceTitle "EXT 2024"]
[Source "ChessBase"]
[SourceDate "2023.10.10"]
[SourceVersion "1"]
[SourceVersionDate "2023.10.10"]
[SourceQuality "1"]

1. c4 e5 2. e4 Nc6 3. g3 Bc5 4. Nc3 d6 5. Bg2 Nf6 6. Nf3 Bg4 7. d3 Nd4 8. h3 Bh5 9. Bg5 c6 10. g4 Bg6 11. Be3 Qb6 12. Rb1 Ne6 13. Bxc5 Nxc5 14. b4 Ne6 15. Ne2 0-0 16. 0-0 Qc7 17. Nh4 Rad8 18. Rc1 h5 19. f4 exf4 20. Nxg6 fxg6 21. gxh5 Nxh5 22. Bf3 Nf6 23. d4 Nh5 24. Bg4 Qe7 25. d5 Ng5 26. Bxh5 Nxh3+ 27. Kh2 Qh4 28. Qe1 Qxh5 29. Ng3 fxg3+ 30. Qxg3 Nf4+ 0-1

[Event "Barcelona Sant Marti op-B 18th"]
[Site "Barcelona"]
[Date "2016.07.15"]
[Round "3.25"]
[White "Martos Martin, Josep Angel"]
[Black "Martinez Balaguer, Josep Maria"]
[Result "1/2-1/2"]
[WhiteElo "1981"]
[BlackElo "1834"]
[PlyCount "135"]
[EventDate "2016.07.13"]
[EventType "swiss"]
[EventRounds "9"]
[EventCountry "ESP"]
[SourceTitle "EXT 2024"]
[Source "ChessBase"]
[SourceDate "2023.10.10"]
[SourceVersion "1"]
[SourceVersionDate "2023.10.10"]
[SourceQuality "1"]

1. e4 c5 2. Nf3 Nc6 3. Bb5 e6 4. 0-0 Nge7 5. Re1 a6 6. Bf1 Ng6 7. c3 Be7 8. d4 cxd4 9. cxd4 d5 10. e5 0-0 11. Nc3 f6 12. Bd3 Qb6 13. Na4 Qa7 14. Bxg6 hxg6 15. Be3 b5 16. Rc1 Na5 17. Nc5 Nc4 18. b3 Bxc5 19. bxc4 Ba3 20. Rb1 dxc4 21. Qc2 g5 22. d5 Qf7 23. d6 Bb7 24. Qc3 b4 25. Qxc4 Rac8 26. Qg4 Bd5 27. Re2 Rc4 28. Bd4 Rfc8 29. Qg3 Bxf3 30. gxf3 Rxd4 31. Rbe1 Bc1 32. exf6 Bf4 33. Qh3 Rxd6 34. fxg7 Kxg7 35. Rxe6 Rxe6 36. Qxe6 Rh8 37. Qxa6 Bxh2+ 38. Kg2 Bf4 39. Qd3 Qf6 40. Qd7+ Kg6 41. Re6 Rf8 42. Qd3+ Kg7 43. Rxf6 Rxf6 44. Qd4 Bd6 45. Qa7+ Kg6 46. Qe3 Kh6 47. Qd4 Kg6 48. Qe4+ Kh6 49. Qe8 Kg7 50. Qd7+ Kg6 51. Qd8 Kg7 52. Qe8 Kh7 53. Qe4+ Kg7 54. Kf1 Kf7 55. Qb7+ Kg6 56. Ke2 Re6+ 57. Kf1 Rf6 58. Qd5 Kh6 59. Ke2 Kg6 60. Kf1 Kh6 61. Qd4 Kg6 62. Kg2 Kf7 63. Qg4 Kg6 64. Kf1 Kh6 65. Ke2 Kg6 66. Kd3 Kh6 67. Qh3+ Kg6 68. Kc4 1/2-1/2

[Event "Foment Martinenc op-B 17th"]
[Site "Barcelona"]
[Date "2015.05.23"]
[Round "5"]
[White "Perez Garcia, Adria"]
[Black "Martos Martin, Josep Angel"]
[Result "1/2-1/2"]
[WhiteElo "2052"]
[BlackElo "1983"]
[PlyCount "72"]
[EventDate "2015.04.25"]
[EventType "swiss"]
[EventRounds "9"]
[EventCountry "ESP"]
[SourceTitle "EXT 2017"]
[Source "ChessBase"]
[SourceDate "2016.10.25"]
[SourceVersion "1"]
[SourceVersionDate "2016.10.25"]
[SourceQuality "1"]

1. e4 c5 2. c3 d5 3. exd5 Qxd5 4. d4 Nf6 5. Nf3 e6 6. Be2 Be7 7. Be3 0-0 8. dxc5 Qxd1+ 9. Bxd1 Nbd7 10. b4 a5 11. Bb3 Ng4 12. Nbd2 Nxe3 13. fxe3 Nf6 14. Ke2 Nd5 15. Bxd5 exd5 16. a3 Bg4 17. Nb3 Bf6 18. Nbd4 Rfe8 19. Kd3 Bh5 20. Nb5 Bg6+ 21. Kd2 Re7 22. Rhe1 a4 23. Nbd4 Rae8 24. b5 Rc8 25. c6 Be4 26. Rac1 bxc6 27. Nxc6 Rb7 28. Ncd4 g6 29. Ke2 Bxf3+ 30. Kxf3 Bxd4 31. cxd4 Rxc1 32. Rxc1 Rxb5 33. Rc5 Rb3 34. Rxd5 Rxa3 35. Ra5 Kf8 36. g3 Ke7 1/2-1/2

[Event "Foment Martinenc op-B 17th"]
[Site "Barcelona"]
[Date "2015.05.02"]
[Round "2"]
[White "Martos Martin, Josep Angel"]
[Black "Arcas Rodriguez, Jordi"]
[Result "1-0"]
[WhiteElo "1983"]
[BlackElo "1825"]
[PlyCount "89"]
[EventDate "2015.04.25"]
[EventType "swiss"]
[EventRounds "9"]
[EventCountry "ESP"]
[SourceTitle "EXT 2017"]
[Source "ChessBase"]
[SourceDate "2016.10.25"]
[SourceVersion "1"]
[SourceVersionDate "2016.10.25"]
[SourceQuality "1"]

1. e4 c5 2. d4 cxd4 3. c3 Nc6 4. cxd4 Nf6 5. Nc3 d6 6. h3 g6 7. Be3 Bg7 8. Nf3 0-0 9. Bc4 Bd7 10. Qd2 a6 11. Rd1 Qc7 12. 0-0 Na5 13. Bd3 Nc4 14. Bxc4 Qxc4 15. b3 Qc7 16. e5 Ne8 17. Nd5 Qd8 18. Bg5 f6 19. Bh6 Bc6 20. Bxg7 Kxg7 21. Nf4 Nc7 22. exf6+ exf6 23. d5 Bd7 24. Qd4 Kg8 25. Qb6 Bc8 26. Rfe1 Kf7 27. Rc1 Nb5 28. Qxd8 Rxd8 29. a4 Na7 30. Rc7+ Rd7 31. Rec1 Rxc7 32. Rxc7+ Kg8 33. Nd4 b5 34. g4 f5 35. f3 fxg4 36. hxg4 g5 37. Nh5 bxa4 38. bxa4 h6 39. Nf6+ Kf8 40. Ne4 h5 41. gxh5 Bh3 42. Kh2 Bf1 43. Nxd6 Rd8 44. Ne6+ Kg8 45. Rg7+ 1-0

[Event "Foment Martinenc op-B 16th"]
[Site "Barcelona"]
[Date "2014.06.21"]
[Round "9"]
[White "Bota Carbo, Jordi"]
[Black "Martos Martin, Josep Angel"]
[Result "0-1"]
[WhiteElo "1934"]
[BlackElo "1995"]
[PlyCount "50"]
[EventDate "2014.04.26"]
[EventType "swiss"]
[EventRounds "9"]
[EventCountry "ESP"]
[SourceTitle "EXT 2015"]
[Source "ChessBase"]
[SourceDate "2014.11.20"]
[SourceVersion "1"]
[SourceVersionDate "2014.11.20"]
[SourceQuality "1"]

1. d4 Nf6 2. c4 g6 3. Nc3 Bg7 4. Nf3 d6 5. h3 0-0 6. e4 e5 7. d5 Nbd7 8. Be2 a5 9. 0-0 Nc5 10. Qc2 Bd7 11. Be3 Nh5 12. Rab1 f5 13. Bxc5 dxc5 14. Rbe1 Nf4 15. Bd1 Qe7 16. Kh2 Qd6 17. Nd2 g5 18. g3 Nxh3 19. Kxh3 f4+ 20. Kg2 g4 21. f3 fxg3 22. fxg4 Qh6 23. Kxg3 Bf6 24. Rxf6 Rxf6 25. Qd3 Qf4+ 0-1

[Event "Foment Martinenc op-B 16th"]
[Site "Barcelona"]
[Date "2014.05.24"]
[Round "5"]
[White "Rodriguez Isern, Bernat"]
[Black "Martos Martin, Josep Angel"]
[Result "0-1"]
[WhiteElo "1868"]
[BlackElo "1995"]
[PlyCount "74"]
[EventDate "2014.04.26"]
[EventType "swiss"]
[EventRounds "9"]
[EventCountry "ESP"]
[SourceTitle "EXT 2015"]
[Source "ChessBase"]
[SourceDate "2014.11.20"]
[SourceVersion "1"]
[SourceVersionDate "2014.11.20"]
[SourceQuality "1"]

1. e4 e6 2. d4 d5 3. Nd2 Nf6 4. Bd3 c5 5. e5 Nfd7 6. c3 Nc6 7. Ne2 cxd4 8. cxd4 Qb6 9. Nf3 f6 10. Nf4 Bb4+ 11. Kf1 Nf8 12. g3 Qc7 13. Qe2 Kd8 14. a3 Ba5 15. b4 Bb6 16. Bb2 Qf7 17. h4 Bd7 18. Kg2 Rc8 19. Rac1 Ng6 20. Nh3 Nge7 21. Rc2 g6 22. Nf4 fxe5 23. Nxe5 Nxe5 24. dxe5 Rf8 25. Rhc1 Rxc2 26. Rxc2 Nf5 27. Bb5 Nxh4+ 28. Kh3 Qf5+ 29. Kh2 Nf3+ 30. Kg2 Ne1+ 31. Qxe1 Qxc2 32. Bxd7 Kxd7 33. Bc1 g5 34. Nh3 h6 35. Be3 Qe4+ 36. Kg1 Qxe5 37. Qd2 Bxe3 0-1

[Event "Ideal Clave op"]
[Site "Barcelona"]
[Date "1997.11.15"]
[Round "7"]
[White "Martos Martin, Josep Angel"]
[Black "Parra Dolz, Mario"]
[Result "0-1"]
[WhiteElo "2000"]
[BlackElo "2045"]
[PlyCount "65"]
[EventDate "1997.09.??"]
[EventType "swiss"]
[EventRounds "9"]
[EventCountry "ESP"]
[SourceTitle "EXT 2003"]
[Source "ChessBase"]
[SourceDate "2002.11.25"]
[SourceVersion "1"]
[SourceVersionDate "2002.11.25"]
[SourceQuality "1"]

1. e4 c5 2. Nf3 d6 3. d4 cxd4 4. Nxd4 Nf6 5. Nc3 g6 6. Be2 Bg7 7. 0-0 0-0 8. Be3 Nc6 9. Kh1 Bd7 10. Nb3 a6 11. a4 Na5 12. f4 Rc8 13. Bd4 Nc4 14. e5 dxe5 15. fxe5 Ne8 16. Bxc4 Rxc4 17. Qd3 Be6 18. Rad1 Qc8 19. Qe3 Nc7 20. Bc5 Re8 21. Rd2 Bf5 22. Qe2 Be6 23. Rfd1 b5 24. Qe3 Bg4 25. Rf1 Ne6 26. Bb6 b4 27. Nd5 Rxc2 28. Rdf2 Rxf2 29. Qxf2 Bf5 30. Qe1 Qc4 31. Qd1 Bc2 32. Ne3 Bxd1 33. Nxc4 0-1